| 000 | 00663nam a2200181 4500 | ||
|---|---|---|---|
| 001 | 126003 | ||
| 003 | ES-MaACL | ||
| 005 | 20230906192732.0 | ||
| 007 | t| | ||
| 008 | 070214s1944 sp r ||||1| spa d | ||
| 100 | 1 |
_aRégulo Pérez, Juan. _995942 |
|
| 245 | 1 | 0 |
_aValor semántico de las categorías verbales / _cpor J. Régulo Pérez. |
| 260 |
_aLa Laguna de Tenerife : _b[s. n.], _c1944 ( _fImp. Curbello) |
||
| 300 |
_a58 p. ; _c25 cm. |
||
| 500 | _aPrecede al tít.: Facultad de Filosofía y Letras de la Universidad de la Laguna. | ||
| 710 | 2 |
_aUniversidad de La Laguna. _bFacultad de Filosofía y Letras. _97196 |
|
| 852 |
_aES-MaACL _j1835-F-23 _bR.20774 |
||
| 999 |
_c126003 _d126003 |
||